| 000 | 01185cam a22002054a 4500 | ||
|---|---|---|---|
| 005 | 20250605163956.0 | ||
| 008 | 250528s ||||||||||||||||||||||||d | ||
| 035 | _a15464 | ||
| 020 | _a41236820 | ||
| 040 |
_aGR-AtMCL _bgre _dGR-AtMCL _eAACR2 |
||
| 245 | 1 | _aBusiness Research Projects for Students | |
| 250 | _a1st | ||
| 260 |
_bChapman & Hall, _c1991 |
||
| 300 | _a280 | ||
| 520 | _aThe purpose of this book is to provide the student with a set of guidelines, methods and techniques appropriate to in-company research work, with the intention of making the process as straightforward as possible. Preface, Getting Started, Introduction, The Purpose and Objectives of a Project, Choosing a Topic, Standards of Assessment, Getting Organized for Takeoff, Key Issues in Depth, What is Research Anyway, The Role You're In, Reviewing and Using the Literature, A Guide to Empirical Work, Planning Empirical Work, Methods and Techniques: An Overview if the Main Issues, Semi-Structured and open-Ended Techniques, Fully Structured Techniques, Further Techniques, Bibliography, Glossary, Index. | ||
| 700 | 1 |
_aJankowicz A.D _91388 |
|
| 942 | _cBK | ||
| 999 |
_c1043 _d1043 |
||